000 00428nam a22001577a 4500
005 20250507110345.0
008 250507b |||||||| |||| 00| 0 eng d
020 _a9693508211
082 _a507/H963d
100 _aHussain, Shabbir
245 _aDr. A. Q. Khan on science and education
260 _aLahore:
_bSang-e Mell publications;
_c1997
300 _b267p.
650 _2Science-study and teaching
942 _2ddc
_cGEN
999 _c122303
_d122291